000 00603cab a2200217 4500
001 ABS40492
008 090401t1989 xxu||||| |||| 00| 0 eng d
035 _a(Sirsi) u24276
041 _aeng
100 _aBarr, R.
245 _aPutting addresses on the map
260 _c1989
350 _a0
490 _aBURISA
_v(87) February 1989, 13-16(4)
520 _aDescribes research being carried out by Manchester University into the use of postal addresses as geographical references.
650 _aCOMPUTERS
650 _aGIS
690 _aLAND SURVEYING
942 _n0
948 _c04/03/1997
999 _c16270
_d16270